[Event "Grand Prix Romania 1st Stage 2024"]
[Site "Bucuresti"]
[Date "2024.03.24"]
[Round "9.15"]
[White "Istratescu, Andrei"]
[Black "Antal, Hunor-Zoltan"]
[Result "1-0"]
[WhiteElo "2374"]
[BlackElo "2272"]
[Annotator "RC"]
[PlyCount "79"]
[EventDate "2024.03.20"]
[EventType "swiss"]
[EventCountry "ROU"]
[SourceTitle "playchess.com"]
[Source "ChessBase"]
[SourceQuality "1"]

1. d4 d5 2. c4 c6 3. Nf3 Nf6 4. Nc3 dxc4 5. a4 Bf5 6. Ne5 Nbd7 7. Nxc4 Qc7 8. g3 e5 9. dxe5 Nxe5 10. Bf4 Nfd7 11. Bg2 g5 12. Nxe5 gxf4 13. Nxd7 O-O-O 14. Qd4 Qxd7 15. Qxf4 Bd6 16. Qc1 Kb8 17. O-O h5 18. h4 Rhg8 19. Rd1 Qe6 20. e3 Bg4 21. Rd4 Be5 22. Rxd8+ Rxd8 23. Qc2 Bf5 24. Qe2 Bg4 25. Bf3 Bxf3 26. Qxf3 Rd2 27. Rd1 Rxb2 28. Ne4 f6 29. Qxh5 a5 30. Nc5 Qe7 31. Nd7+ Ka7 32. Nxe5 fxe5 33. Qf5 c5 34. h5 c4 35. h6 Rb6 36. Rd5 Rxh6 37. Rxe5 Qf6 38. Rxa5+ Kb8 39. Qxf6 Rxf6 40. Rc5 1-0

[Event "Grand Prix Romania 1st Stage 2024"]
[Site "Bucuresti"]
[Date "2024.03.24"]
[Round "9.17"]
[White "Lauda, Alexandr"]
[Black "Baltag, Iulian"]
[Result "0-1"]
[WhiteElo "2198"]
[BlackElo "2412"]
[Annotator "TA"]
[PlyCount "50"]
[EventDate "2024.03.20"]
[EventType "swiss"]
[EventCountry "ROU"]
[SourceTitle "playchess.com"]
[Source "ChessBase"]
[SourceQuality "1"]

1. e4 d5 2. exd5 Qxd5 3. Nc3 Qd6 4. d4 Nf6 5. g3 Bg4 6. f3 Bf5 7. Bg2 Nc6 8. Nge2 O-O-O 9. Be3 e5 10. O-O exd4 11. Bf4 Qc5 12. Na4 Qxc2 13. Bh3 Kb8 14. Bxf5 Qxf5 15. Rc1 d3 16. Nec3 Bd6 17. Be3 Rhe8 18. Bf2 a6 19. Qb3 Qe6 20. Qd1 h5 21. Nb1 Qd5 22. Nc5 Nd4 23. Nxa6+ bxa6 24. Nc3 Nxf3+ 25. Kh1 Qb7 0-1

[Event "Grand Prix Romania 1st Stage 2024"]
[Site "Bucuresti"]
[Date "2024.03.24"]
[Round "9.18"]
[White "Secheres, Adrian-Simion"]
[Black "Dobre, Claudiu-Cristian"]
[Result "1-0"]
[WhiteElo "2371"]
[BlackElo "2259"]
[Annotator "RC"]
[PlyCount "58"]
[EventDate "2024.03.20"]
[EventType "swiss"]
[EventCountry "ROU"]
[SourceTitle "playchess.com"]
[Source "ChessBase"]
[SourceQuality "1"]

1. d4 d5 2. c4 c6 3. Nc3 Nf6 4. Nf3 e6 5. g3 Nbd7 6. Bg2 dxc4 7. O-O Be7 8. e4 O-O 9. a4 e5 10. dxe5 Ng4 11. Bf4 Qa5 12. Qd4 Rd8 13. Qxc4 Ndxe5 14. Qe2 Nxf3+ 15. Qxf3 Ne5 16. Qh5 Bf6 17. h3 Be6 18. Rfd1 Bb3 19. Rxd8+ Rxd8 20. Kh2 g6 21. Qe2 Nc4 22. Rc1 Qb4 23. e5 Re8 24. Ne4 Bg7 25. Rc3 Nxe5 26. Re3 Be6 27. Ng5 Nc4 28. Nxe6 Nxe3 29. Nxg7 Nc4 1-0

[Event "Grand Prix Romania 1st Stage 2024"]
[Site "Bucuresti"]
[Date "2024.03.24"]
[Round "9.19"]
[White "Filip, Andrei"]
[Black "Magold, Filip"]
[Result "0-1"]
[WhiteElo "2289"]
[BlackElo "2403"]
[Annotator "RC"]
[PlyCount "114"]
[EventDate "2024.03.20"]
[EventType "swiss"]
[EventCountry "ROU"]
[SourceTitle "playchess.com"]
[Source "ChessBase"]
[SourceQuality "1"]

1. e4 g6 2. d4 Bg7 3. Nf3 d6 4. Be2 Nf6 5. Nc3 O-O 6. O-O a6 7. a4 Nc6 8. d5 Nb8 9. Be3 e5 10. dxe6 Bxe6 11. Nd4 Bd7 12. Bc4 Nc6 13. f3 Re8 14. Qd2 Rb8 15. a5 Ne5 16. Bb3 Qe7 17. Rfd1 Qf8 18. Nde2 Be6 19. Bxe6 fxe6 20. b3 Kh8 21. h3 Nh5 22. f4 Nc6 23. Rf1 d5 24. e5 Rbd8 25. Ra4 d4 26. Bxd4 Nxd4 27. Rxd4 Qc5 28. Kh2 Rxd4 29. Qxd4 Qxd4 30. Nxd4 Nxf4 31. Nf3 Nd5 32. Ne4 Ne3 33. Rf2 b6 34. axb6 cxb6 35. Rd2 a5 36. Rd7 Nd5 37. c4 Nb4 38. Rd6 h6 39. Rxb6 Nd3 40. Rb5 Ra8 41. Kg1 a4 42. bxa4 Rxa4 43. Rb8+ Kh7 44. Nd6 Nxe5 45. Rb7 Nxf3+ 46. gxf3 Kg8 47. Rb8+ Kh7 48. Rb7 Kg8 49. Rb8+ Bf8 50. c5 Ra1+ 51. Kg2 Rc1 52. Ne4 Kf7 53. Rc8 Rc2+ 54. Kg3 Bg7 55. c6 g5 56. Rc7+ Kg6 57. h4 Be5+ 0-1

[Event "Grand Prix Romania 1st Stage 2024"]
[Site "Bucuresti"]
[Date "2024.03.24"]
[Round "9.20"]
[White "Ben Ari, Yannay"]
[Black "Daianu, Cristian-Clement"]
[Result "1-0"]
[WhiteElo "2434"]
[BlackElo "2201"]
[Annotator "TA"]
[PlyCount "49"]
[EventDate "2024.03.20"]
[EventType "swiss"]
[EventCountry "ROU"]
[SourceTitle "playchess.com"]
[Source "ChessBase"]
[SourceQuality "1"]

1. c4 Nf6 2. Nf3 g6 3. Nc3 d5 4. cxd5 Nxd5 5. h4 Bg7 6. h5 Nc6 7. g3 Bg4 8. h6 Bf6 9. Bg2 O-O 10. d4 Nxc3 11. bxc3 e5 12. Nh2 Bd7 13. d5 Na5 14. Rb1 c6 15. O-O cxd5 16. Bxd5 Rc8 17. Ba3 Be7 18. Bb4 b6 19. Bxa5 bxa5 20. Rb7 Rc7 21. Qb1 Bc5 22. Nf3 Bb6 23. Qe4 Rxb7 24. Qxe5 Rc7 25. Qe4 1-0

[Event "Grand Prix Romania 1st Stage 2024"]
[Site "Bucuresti"]
[Date "2024.03.24"]
[Round "9.21"]
[White "Ghimpu, Samuel-Timotei"]
[Black "Veress, Armand"]
[Result "1-0"]
[WhiteElo "2467"]
[BlackElo "2098"]
[Annotator "TA"]
[PlyCount "53"]
[EventDate "2024.03.20"]
[EventType "swiss"]
[EventCountry "ROU"]
[SourceTitle "playchess.com"]
[Source "ChessBase"]
[SourceQuality "1"]

1. e4 c6 2. d4 d5 3. e5 Bf5 4. Nf3 e6 5. Be2 Ne7 6. c3 Ng6 7. O-O Nd7 8. Ne1 h5 9. Nc2 f6 10. f4 Qb6 11. Ne3 fxe5 12. Nxf5 exf5 13. Bxh5 c5 14. dxe5 c4+ 15. Kh1 O-O-O 16. Bf3 Bc5 17. g3 d4 18. Nd2 Ndxe5 19. fxe5 Nxe5 20. cxd4 Bxd4 21. Qc2 Rxh2+ 22. Kxh2 Qh6+ 23. Kg2 Rh8 24. Qxf5+ Kb8 25. Qh5 Qxh5 26. Bxh5 Rxh5 27. Nf3 1-0

[Event "Grand Prix Romania 1st Stage 2024"]
[Site "Bucuresti"]
[Date "2024.03.24"]
[Round "9.22"]
[White "Safarli, Eltaj"]
[Black "Coman, Mihnea-George"]
[Result "1-0"]
[WhiteElo "2614"]
[BlackElo "2243"]
[Annotator "TA"]
[PlyCount "55"]
[EventDate "2024.03.20"]
[EventType "swiss"]
[EventCountry "ROU"]
[SourceTitle "playchess.com"]
[Source "ChessBase"]
[SourceQuality "1"]

1. e4 c5 2. Nf3 Nc6 3. Bb5 g6 4. c3 Bg7 5. d4 cxd4 6. cxd4 Qb6 7. Nc3 Nxd4 8. Nd5 Nxf3+ 9. Qxf3 Qd8 10. Bf4 e5 11. Qc3 Kf8 12. Bxe5 Bxe5 13. Qxe5 Qa5+ 14. b4 Qxb5 15. Qxh8 Qd3 16. Qe5 b6 17. Rd1 Qc4 18. Qd4 Qxa2 19. O-O Bb7 20. Nf6 Nxf6 21. Qxf6 Qe6 22. Qh8+ Ke7 23. Qxh7 Qf6 24. Qh3 Bc6 25. Rfe1 Rh8 26. Qg3 Rh5 27. Qa3 Qe5 28. b5+ 1-0

[Event "Grand Prix Romania 1st Stage 2024"]
[Site "Bucuresti"]
[Date "2024.03.24"]
[Round "9.23"]
[White "Nastore, Pavel-Alexandru"]
[Black "Sokolov, Ivan"]
[Result "0-1"]
[WhiteElo "2182"]
[BlackElo "2590"]
[Annotator "TA"]
[PlyCount "86"]
[EventDate "2024.03.20"]
[EventType "swiss"]
[EventCountry "ROU"]
[SourceTitle "playchess.com"]
[Source "ChessBase"]
[SourceQuality "1"]

1. e4 e5 2. Nf3 Nc6 3. Bb5 a6 4. Ba4 Nf6 5. O-O Be7 6. Re1 b5 7. Bb3 d6 8. c3 O-O 9. h3 Nb8 10. d4 Nbd7 11. Nbd2 Bb7 12. Bc2 Re8 13. Nf1 Bf8 14. Ng3 g6 15. Bd2 exd4 16. cxd4 c5 17. d5 a5 18. a4 b4 19. Bd3 Ba6 20. Bxa6 Rxa6 21. b3 Nb6 22. Bg5 h6 23. Bf4 Ra7 24. Qd2 Kh7 25. Qd3 Rae7 26. Re2 Qc7 27. Rc1 Bg7 28. Nd2 Nfd7 29. Qb5 Ne5 30. Be3 h5 31. f4 Ned7 32. Ngf1 Bc3 33. Bf2 Nxd5 34. Nc4 Nxf4 35. Re3 Rxe4 36. Rxe4 Rxe4 37. Rd1 d5 38. Nce3 Bd4 39. Ng3 Bxe3 40. Nxe4 Bxf2+ 41. Nxf2 c4 42. bxc4 Ne2+ 43. Kf1 Nc3 0-1

[Event "Grand Prix Romania 1st Stage 2024"]
[Site "Bucuresti"]
[Date "2024.03.24"]
[Round "9.24"]
[White "Maximov, Oleg"]
[Black "Kuzubov, Yuriy"]
[Result "0-1"]
[WhiteElo "2185"]
[BlackElo "2605"]
[Annotator "TA"]
[PlyCount "97"]
[EventDate "2024.03.20"]
[EventType "swiss"]
[EventCountry "ROU"]
[SourceTitle "playchess.com"]
[Source "ChessBase"]
[SourceQuality "1"]

1. e4 g6 2. g3 d5 3. exd5 Qxd5 4. Qf3 Nf6 5. Qxd5 Nxd5 6. c3 e5 7. Bg2 c6 8. Ne2 Bg7 9. O-O Bg4 10. f3 Bf5 11. d4 Nd7 12. dxe5 Nxe5 13. Nd4 Bd3 14. Rd1 Ba6 15. f4 Nd3 16. Bf1 Bxd4+ 17. cxd4 N3b4 18. Bxa6 Nxa6 19. f5 O-O-O 20. fxg6 hxg6 21. Nc3 Nac7 22. Rf1 f5 23. Bg5 Rde8 24. Rae1 Kd7 25. Re5 Rxe5 26. dxe5 Ke6 27. Re1 Nxc3 28. bxc3 Nd5 29. Rb1 b5 30. Rc1 Nb6 31. Rd1 Nd5 32. Rc1 Rb8 33. c4 bxc4 34. Rxc4 Rb6 35. Ra4 a6 36. Bd8 Rb8 37. Bg5 Rb1+ 38. Kg2 Rb6 39. Kf3 c5 40. h4 Kxe5 41. Bh6 Rc6 42. Bg7+ Ke6 43. Rc4 Nb6 44. Rc2 c4 45. Bd4 Nd5 46. g4 c3 47. h5 fxg4+ 48. Kxg4 gxh5+ 49. Kxh5 0-1

[Event "Grand Prix Romania 1st Stage 2024"]
[Site "Bucuresti"]
[Date "2024.03.24"]
[Round "9.25"]
[White "Nedelcu, Teodor-Cosmin"]
[Black "Bologan, Victor"]
[Result "0-1"]
[WhiteElo "2306"]
[BlackElo "2594"]
[Annotator "TA"]
[PlyCount "99"]
[EventDate "2024.03.20"]
[EventType "swiss"]
[EventCountry "ROU"]
[SourceTitle "playchess.com"]
[Source "ChessBase"]
[SourceQuality "1"]

1. d4 d6 2. c4 e5 3. d5 Be7 4. Nc3 Bg5 5. e4 Bxc1 6. Qxc1 Nh6 7. Bd3 O-O 8. Nge2 a5 9. O-O Na6 10. f4 Nc5 11. Bc2 exf4 12. Qxf4 Ng4 13. Ng3 Ne5 14. b3 g6 15. Nce2 Kg7 16. Nd4 Qe7 17. h3 Bd7 18. Kh2 h6 19. Nf3 Rae8 20. Qd2 b6 21. a3 h5 22. b4 Nb7 23. Qc3 Kh7 24. Nd4 Qh4 25. Nde2 Qg5 26. Nd4 Kg8 27. Rae1 Qh4 28. Nde2 axb4 29. axb4 Ra8 30. Rf4 Qg5 31. Ref1 h4 32. Nh1 Ra2 33. Nd4 Rfa8 34. Qe1 Rb2 35. Qf2 Nd3 36. Qxh4 Qxh4 37. Rxh4 Nxb4 38. Rhf4 Nxc2 39. Nxc2 Rxc2 40. Rxf7 Nc5 41. R7f6 Nxe4 42. Rxg6+ Kh7 43. Rg3 Nxg3 44. Nxg3 Raa2 45. Rf3 Rxg2+ 46. Kh1 Rh2+ 47. Kg1 Rag2+ 48. Kf1 Bxh3 49. Rf7+ Kg6 50. Ke1 0-1

[Event "Grand Prix Romania 1st Stage 2024"]
[Site "Bucuresti"]
[Date "2024.03.24"]
[Round "9.26"]
[White "Miroiu, George-Catalin"]
[Black "Grigore, George-Gabriel"]
[Result "1/2-1/2"]
[WhiteElo "2294"]
[BlackElo "2423"]
[Annotator "TA"]
[PlyCount "127"]
[EventDate "2024.03.20"]
[EventType "swiss"]
[EventCountry "ROU"]
[SourceTitle "playchess.com"]
[Source "ChessBase"]
[SourceQuality "1"]

1. d4 Nf6 2. Nf3 g6 3. c4 Bg7 4. Nc3 d6 5. e4 O-O 6. Be2 e5 7. O-O Nh5 8. Re1 Nf4 9. Bxf4 exf4 10. Qd2 g5 11. h3 Nc6 12. Rad1 h6 13. a3 a5 14. Nb5 a4 15. Qc2 Bd7 16. c5 Qb8 17. Bf1 Ne7 18. cxd6 cxd6 19. e5 Rc8 20. Qb1 d5 21. Bd3 Rc6 22. Nd6 Rxd6 23. exd6 Qxd6 24. Ne5 Be8 25. Qc2 Nc6 26. Nxc6 Bxc6 27. Qd2 Bxd4 28. Bh7+ Kxh7 29. Qxd4 Kg6 30. Re5 Qf6 31. Rde1 Kg7 32. f3 Ra5 33. Qc3 Rb5 34. R1e2 Rb3 35. Qc5 Rd3 36. Kh2 Rb3 37. Qc2 d4 38. Qf5 d3 39. Rd2 Qxf5 40. Rxf5 Bb5 41. Rc5 Ba6 42. Rc3 Rb6 43. Kg1 Re6 44. Kf2 Kf6 45. Rc5 Rb6 46. Ke1 Ke6 47. Kf2 Bb5 48. h4 Kf6 49. hxg5+ hxg5 50. g3 fxg3+ 51. Kxg3 Kg6 52. f4 gxf4+ 53. Kxf4 Ba6 54. Rg2+ Kf6 55. Rd2 Re6 56. Rf5+ Kg7 57. Re5 Rf6+ 58. Ke3 Rf1 59. Kd4 Kf6 60. Re4 Kf5 61. Rh4 Ke6 62. Re4+ Kd6 63. Rh2 Bb5 64. Rd2 1/2-1/2

[Event "Grand Prix Romania 1st Stage 2024"]
[Site "Bucuresti"]
[Date "2024.03.24"]
[Round "9.27"]
[White "Negrean, Andrei"]
[Black "Stoyanov, Tsvetan"]
[Result "1/2-1/2"]
[WhiteElo "2169"]
[BlackElo "2465"]
[Annotator "TA"]
[PlyCount "126"]
[EventDate "2024.03.20"]
[EventType "swiss"]
[EventCountry "ROU"]
[SourceTitle "playchess.com"]
[Source "ChessBase"]
[SourceQuality "1"]

1. Nf3 d5 2. d4 Nf6 3. c4 e6 4. g3 Bb4+ 5. Bd2 Be7 6. Bg2 O-O 7. O-O c6 8. Qc2 Nbd7 9. Rd1 a5 10. Bf4 a4 11. Nc3 Qa5 12. c5 b6 13. cxb6 Bb7 14. e4 Nxb6 15. Ne5 Rfc8 16. Nd3 Nfd7 17. Rac1 Qa7 18. b3 Ba6 19. Qb1 Ba3 20. Rc2 Bf8 21. h4 h6 22. Qc1 dxe4 23. Nxe4 Nd5 24. Ndc5 Nxc5 25. Nxc5 axb3 26. axb3 Bb5 27. Be3 Nb4 28. Rcd2 Qa3 29. Qxa3 Rxa3 30. Rb1 Rca8 31. Bf1 Nd5 32. Bxb5 cxb5 33. Rc2 Bd6 34. Kg2 Ra2 35. Rxa2 Rxa2 36. Kf3 Kf8 37. Ne4 Bb4 38. Rc1 Rb2 39. Rc8+ Ke7 40. Rb8 Nc7 41. Rb7 Kd8 42. Bf4 Rxb3+ 43. Kg2 Nd5 44. Rxf7 Nxf4+ 45. gxf4 Be7 46. Rxg7 Rd3 47. Nc5 Bxc5 48. dxc5 b4 49. Rb7 Rd4 50. Kf3 Kc8 51. c6 Rc4 52. Kg4 e5 53. Kf5 exf4 54. f3 Kd8 55. h5 Kc8 56. Kg4 Kd8 57. Kf5 Kc8 58. Ke5 Rxc6 59. Rxb4 Rc5+ 60. Kf6 Rxh5 61. Rxf4 Kd8 62. Kg6 Rh3 63. Re4 Rxf3 1/2-1/2

[Event "Grand Prix Romania 1st Stage 2024"]
[Site "Bucuresti"]
[Date "2024.03.24"]
[Round "9.28"]
[White "Stoleriu, George"]
[Black "Dragomirescu, Angela"]
[Result "1-0"]
[WhiteElo "2391"]
[BlackElo "2111"]
[Annotator "RC"]
[PlyCount "79"]
[EventDate "2024.03.20"]
[EventType "swiss"]
[EventCountry "ROU"]
[SourceTitle "playchess.com"]
[Source "ChessBase"]
[SourceQuality "1"]

1. b3 e5 2. Bb2 d6 3. g3 Nf6 4. Bg2 Be7 5. c4 c6 6. e3 h5 7. h3 Na6 8. Ne2 Bf5 9. d3 Qd7 10. Nbc3 Nc5 11. e4 Bh7 12. b4 Ne6 13. a3 g5 14. Qd2 h4 15. O-O-O a5 16. Kc2 axb4 17. axb4 Kd8 18. Ra1 Kc7 19. Rxa8 Rxa8 20. Ra1 Rxa1 21. Bxa1 Bg6 22. Qc1 Kb8 23. Bb2 Ne8 24. Nd1 N8c7 25. Ne3 Na6 26. Bc3 Nd4+ 27. Nxd4 exd4 28. Bxd4 Nxb4+ 29. Kd2 Bd8 30. Qa3 Na6 31. Bf3 Qc7 32. Bc3 Nc5 33. Bg4 Qb6 34. Kc2 Qa6 35. Qxa6 bxa6 36. gxh4 gxh4 37. f4 f6 38. Ng2 Nxe4 39. f5 Nxc3 40. fxg6 1-0

[Event "Grand Prix Romania 1st Stage 2024"]
[Site "Bucuresti"]
[Date "2024.03.24"]
[Round "9.29"]
[White "Baranciuc, Alexandr"]
[Black "Vedmediuc, Serghei"]
[Result "1/2-1/2"]
[WhiteElo "2336"]
[BlackElo "2452"]
[Annotator "TA"]
[PlyCount "43"]
[EventDate "2024.03.20"]
[EventType "swiss"]
[EventCountry "ROU"]
[SourceTitle "playchess.com"]
[Source "ChessBase"]
[SourceQuality "1"]

1. e4 c5 2. Nf3 Nc6 3. Bb5 e6 4. Nc3 Nge7 5. O-O Ng6 6. Re1 Be7 7. Bxc6 bxc6 8. e5 O-O 9. d3 Rb8 10. b3 f6 11. Bb2 fxe5 12. Nxe5 Nxe5 13. Rxe5 d6 14. Re1 e5 15. Ne4 Bf5 16. Qd2 Qd7 17. a3 Bg6 18. Bc3 Bh4 19. Re2 Bh5 20. f3 Bg6 21. Kh1 Be7 22. Qe1 1/2-1/2

[Event "Grand Prix Romania 1st Stage 2024"]
[Site "Bucuresti"]
[Date "2024.03.24"]
[Round "9.30"]
[White "Craciun, Sasha-Matei"]
[Black "Stepanencu, Nicodim-Cosmin"]
[Result "1-0"]
[WhiteElo "2169"]
[BlackElo "2278"]
[Annotator "RC"]
[PlyCount "71"]
[EventDate "2024.03.20"]
[EventType "swiss"]
[EventCountry "ROU"]
[SourceTitle "playchess.com"]
[Source "ChessBase"]
[SourceQuality "1"]

1. e4 c5 2. Nf3 d6 3. d4 cxd4 4. Nxd4 Nf6 5. Nc3 a6 6. h3 e6 7. g4 d5 8. exd5 Nxd5 9. Bd2 Nc6 10. Nxc6 bxc6 11. Bg2 Rb8 12. b3 Bd6 13. Ne4 Be5 14. Rb1 f5 15. gxf5 exf5 16. Nc5 O-O 17. O-O Bc7 18. Nd3 Qd6 19. f4 Rd8 20. Qf3 Bb7 21. Rbd1 c5 22. Qg3 Nf6 23. Bxb7 Rxb7 24. Bc3 Qf8 25. Bxf6 Qxf6 26. Ne5 Bd6 27. Qf3 Rc7 28. Rd5 Bxe5 29. fxe5 Qg5+ 30. Kh1 g6 31. Rfd1 Rxd5 32. Qxd5+ Kg7 33. e6 Qe3 34. Rd3 Qe4+ 35. Qxe4 fxe4 36. Rd7+ 1-0

[Event "Grand Prix Romania 1st Stage 2024"]
[Site "Bucuresti"]
[Date "2024.03.24"]
[Round "9.31"]
[White "Saioc, David"]
[Black "Efroimski, Marsel"]
[Result "0-1"]
[WhiteElo "2023"]
[BlackElo "2467"]
[Annotator "TA"]
[PlyCount "94"]
[EventDate "2024.03.20"]
[EventType "swiss"]
[EventCountry "ROU"]
[SourceTitle "playchess.com"]
[Source "ChessBase"]
[SourceQuality "1"]

1. Nf3 d5 2. g3 Nc6 3. d4 Bf5 4. a3 e6 5. Bg2 Be7 6. O-O h6 7. Nbd2 Nf6 8. b3 Ne4 9. Bb2 Bf6 10. Ne5 Nxd2 11. Qxd2 Nxe5 12. dxe5 Be7 13. Rfd1 c6 14. h3 Qc7 15. Kh2 h5 16. Rac1 O-O-O 17. Qe1 Bg6 18. f4 h4 19. g4 Be4 20. e3 Bxg2 21. Kxg2 g5 22. Qe2 Rhg8 23. Kh1 gxf4 24. exf4 c5 25. a4 Kb8 26. Qf3 Qb6 27. Ba3 d4 28. Qe4 Rd7 29. Rd2 Rgd8 30. Rcd1 Rd5 31. Kh2 Qc6 32. Rf2 R8d7 33. Rf3 Bd8 34. Qd3 a6 35. Kg2 Ba5 36. Bc1 b5 37. axb5 axb5 38. Bd2 Bb6 39. Qe4 Ra7 40. Rb1 Ra2 41. f5 exf5 42. gxf5 Rd6 43. Qe2 Rd8 44. Bf4 d3 45. e6+ Kb7 46. Qe5 Rxc2+ 47. Kg1 Qxf3 0-1

[Event "Grand Prix Romania 1st Stage 2024"]
[Site "Bucuresti"]
[Date "2024.03.24"]
[Round "9.32"]
[White "Manolache, Marius"]
[Black "Veneteanu, Mihai"]
[Result "1-0"]
[WhiteElo "2387"]
[BlackElo "2026"]
[Annotator "RC"]
[PlyCount "89"]
[EventDate "2024.03.20"]
[EventType "swiss"]
[EventCountry "ROU"]
[SourceTitle "playchess.com"]
[Source "ChessBase"]
[SourceQuality "1"]

1. d4 d5 2. Nf3 Nf6 3. c4 e6 4. Nc3 Be7 5. Bf4 O-O 6. e3 c5 7. dxc5 Bxc5 8. cxd5 exd5 9. Be2 Nc6 10. O-O Bf5 11. Rc1 Bb6 12. Nb5 Ne4 13. Nbd4 Bd7 14. Nxc6 bxc6 15. Ne5 Qe8 16. h3 f6 17. Nxd7 Qxd7 18. Qa4 Nc5 19. Qc2 a5 20. Rfd1 Qe6 21. b3 f5 22. a3 Rfc8 23. b4 axb4 24. axb4 Ne4 25. Qb3 g5 26. Bh2 Rd8 27. Bf3 Nf6 28. Qc2 Rac8 29. Ra1 c5 30. bxc5 Bxc5 31. Qb3 Kg7 32. Qb2 g4 33. hxg4 fxg4 34. Be2 Bxe3 35. fxe3 Qxe3+ 36. Kh1 g3 37. Rd3 Qh6 38. Rxg3+ Kf8 39. Rf1 Rc6 40. Rh3 Qg6 41. Bd3 Qg5 42. Be5 Ke7 43. Bxf6+ Rxf6 44. Rxf6 Qxf6 45. Re3+ 1-0

[Event "Grand Prix Romania 1st Stage 2024"]
[Site "Bucuresti"]
[Date "2024.03.24"]
[Round "9.33"]
[White "Luncasu, Raul-Ionut"]
[Black "Soltanici, Ruslan"]
[Result "0-1"]
[WhiteElo "2155"]
[BlackElo "2339"]
[Annotator "RC"]
[PlyCount "68"]
[EventDate "2024.03.20"]
[EventType "swiss"]
[EventCountry "ROU"]
[SourceTitle "playchess.com"]
[Source "ChessBase"]
[SourceQuality "1"]

1. e4 c5 2. Nf3 d6 3. d4 cxd4 4. Nxd4 Nf6 5. Nc3 a6 6. Bc4 e6 7. O-O Be7 8. Qf3 Qc7 9. Bb3 Nc6 10. Nxc6 bxc6 11. Qg3 O-O 12. Bh6 Ne8 13. Rad1 Kh8 14. Be3 Nf6 15. f4 d5 16. e5 Nd7 17. Na4 a5 18. c4 Ba6 19. cxd5 cxd5 20. Rc1 Qb7 21. Rf2 Rac8 22. Rxc8 Qxc8 23. f5 Qd8 24. Rd2 Qb8 25. Bd4 Qb4 26. f6 gxf6 27. exf6 Bxf6 28. Bxf6+ Nxf6 29. Rd1 Rg8 30. Qe5 Rg6 31. Bc2 Qg4 32. Rd2 Rh6 33. Rf2 Kg7 34. Nc5 Bc8 0-1

[Event "Grand Prix Romania 1st Stage 2024"]
[Site "Bucuresti"]
[Date "2024.03.24"]
[Round "9.34"]
[White "Sofronie, Vladimir"]
[Black "Bulau, Andrei-Cristian"]
[Result "1-0"]
[WhiteElo "1990"]
[BlackElo "2142"]
[Annotator "NA RC"]
[PlyCount "63"]
[EventDate "2024.03.20"]
[EventType "swiss"]
[EventCountry "ROU"]
[SourceTitle "playchess.com"]
[Source "ChessBase"]
[SourceQuality "1"]

1. d4 d5 2. Bf4 Nf6 3. e3 c5 4. c3 Nc6 5. Nd2 e6 6. Ngf3 cxd4 7. exd4 Nh5 8. Be3 Bd6 9. Ne5 g6 10. Nd3 Ng7 11. g3 O-O 12. Bg2 b6 13. O-O Ba6 14. Nf3 Rc8 15. Re1 Qc7 16. Bf4 Bxf4 17. Nxf4 Na5 18. h4 Nc4 19. Nd3 Rfe8 20. Nfe5 Nd6 21. Nf4 h5 22. Bf3 Nc4 23. Nxc4 Bxc4 24. Qd2 Nf5 25. a3 a5 26. Re5 Ng7 27. Bd1 Qd6 28. Bc2 Rf8 29. Nh3 Qd8 30. Qh6 Re8 31. Bxg6 Qf6 32. Bh7+ 1-0

[Event "Grand Prix Romania 1st Stage 2024"]
[Site "Bucuresti"]
[Date "2024.03.24"]
[Round "9.35"]
[White "Gales, Randi-Ioan"]
[Black "Cnejev, Vladimir-Alexandru"]
[Result "0-1"]
[WhiteElo "2050"]
[BlackElo "2311"]
[Annotator "RC"]
[PlyCount "58"]
[EventDate "2024.03.20"]
[EventType "swiss"]
[EventCountry "ROU"]
[SourceTitle "playchess.com"]
[Source "ChessBase"]
[SourceQuality "1"]

1. c4 e6 2. g3 d5 3. Bg2 Nf6 4. Nf3 Be7 5. O-O O-O 6. b3 c5 7. cxd5 Nxd5 8. Bb2 Nc6 9. d4 cxd4 10. Nxd4 Nxd4 11. Qxd4 Bf6 12. Qd2 Nf4 13. Bxf6 Qxd2 14. Nxd2 Nxe2+ 15. Kh1 gxf6 16. Ne4 Kg7 17. Rfd1 e5 18. Rd6 Bf5 19. Nxf6 Rad8 20. Nh5+ Kh8 21. Rxd8 Rxd8 22. Bxb7 Rd2 23. Kg2 Bg6 24. Bf3 Nd4 25. Rc1 Bf5 26. Rc7 e4 27. Bxe4 Bxe4+ 28. Kh3 Bf5+ 29. Kh4 Nf3# 0-1

[Event "Grand Prix Romania 1st Stage 2024"]
[Site "Bucuresti"]
[Date "2024.03.24"]
[Round "9.36"]
[White "Serban, Cristian-Stefan"]
[Black "Zaim, Marian"]
[Result "1-0"]
[WhiteElo "2309"]
[BlackElo "1963"]
[Annotator "RC"]
[PlyCount "85"]
[EventDate "2024.03.20"]
[EventType "swiss"]
[EventCountry "ROU"]
[SourceTitle "playchess.com"]
[Source "ChessBase"]
[SourceQuality "1"]

1. d4 Nf6 2. c4 g6 3. Nc3 Bg7 4. e4 d6 5. Nf3 O-O 6. Be2 e5 7. O-O Nc6 8. d5 Ne7 9. b4 a5 10. bxa5 Rxa5 11. a4 Nh5 12. Re1 Nf4 13. Bf1 f5 14. Nd2 fxe4 15. Ndxe4 Nh5 16. Ba3 Nf6 17. Bb4 Ra8 18. c5 Nxe4 19. Nxe4 Nf5 20. g3 dxc5 21. Bxc5 Nd6 22. Qb3 Re8 23. Nxd6 cxd6 24. Bb6 Qf6 25. Rac1 Bd7 26. a5 Rac8 27. Rc7 Rxc7 28. Bxc7 Bc8 29. Qb6 Qf7 30. Bg2 Qf5 31. Bxd6 Qd3 32. Be4 Qd2 33. Bb4 Qd4 34. Qb5 Rd8 35. Be7 Qc3 36. Rd1 Bd7 37. Qxb7 Bc8 38. Qb6 Re8 39. d6 Bd7 40. Qb7 Qc8 41. Qxc8 Rxc8 42. a6 Rc5 43. a7 1-0

[Event "Grand Prix Romania 1st Stage 2024"]
[Site "Bucuresti"]
[Date "2024.03.24"]
[Round "9.37"]
[White "Obada, Ema"]
[Black "Popescu, Alexandru-Mihai"]
[Result "1-0"]
[WhiteElo "1976"]
[BlackElo "1724"]
[Annotator "RC"]
[PlyCount "65"]
[EventDate "2024.03.20"]
[EventType "swiss"]
[EventCountry "ROU"]
[SourceTitle "playchess.com"]
[Source "ChessBase"]
[SourceQuality "1"]

1. e4 d5 2. exd5 Nf6 3. d4 Bg4 4. Nf3 Qxd5 5. Nc3 Qf5 6. Be2 Nc6 7. h3 Bxf3 8. Bxf3 Qd7 9. Be3 e6 10. O-O Be7 11. a3 O-O 12. Qd3 Nd5 13. Bd2 Bf6 14. Nxd5 exd5 15. c3 Na5 16. Rae1 Nc4 17. Bc1 Rae8 18. Bg4 Qc6 19. Qf3 Nd6 20. Bf4 g6 21. Qg3 Ne4 22. Qh2 Re7 23. Re3 Rfe8 24. Rfe1 Nd6 25. Bxd6 Rxe3 26. Rxe3 Rxe3 27. fxe3 cxd6 28. Qf4 Bg7 29. Bf3 f5 30. c4 Qxc4 31. Qxd6 Qc1+ 32. Kh2 Qxe3 33. Bxd5+ 1-0

[Event "Grand Prix Romania 1st Stage 2024"]
[Site "Bucuresti"]
[Date "2024.03.24"]
[Round "9.38"]
[White "Cruceru-Uceanu, Tudor-Mihai"]
[Black "Buzbuchi, Ionut"]
[Result "1/2-1/2"]
[WhiteElo "1936"]
[BlackElo "2035"]
[Annotator "NA RC"]
[PlyCount "74"]
[EventDate "2024.03.20"]
[EventType "swiss"]
[EventCountry "ROU"]
[SourceTitle "playchess.com"]
[Source "ChessBase"]
[SourceQuality "1"]

1. e4 c5 2. Nf3 d6 3. d4 cxd4 4. Nxd4 Nf6 5. Nc3 g6 6. Be3 Bg7 7. f3 Nc6 8. Qd2 O-O 9. g4 Be6 10. h4 d5 11. Nxe6 fxe6 12. O-O-O d4 13. Bxd4 Nxd4 14. Qxd4 Qxd4 15. Rxd4 Nxg4 16. Rd7 Rxf3 17. Bh3 Nf2 18. Bxe6+ Kf8 19. Re1 Bxc3 20. bxc3 Rc8 21. c4 Rf6 22. Bd5 e6 23. Bxb7 Rxc4 24. Kb1 Rf7 25. Rxf7+ Kxf7 26. Rf1 Rb4+ 27. Kc1 Rxb7 28. Rxf2+ Ke7 29. c3 Kd6 30. Kc2 Ke5 31. Kd3 Rd7+ 32. Ke3 a5 33. Rg2 Rc7 34. Rg5+ Kf6 35. Rxa5 Rxc3+ 36. Kf4 Rc4 37. Ra6 h6 1/2-1/2